00739nam a2200169 a 450000100100000000500170001000800410002704000250006808200100009310000550010324501050015826000830026330000200034604900090036695201770037599900170055200003291220240229073830.0110801s1939 dr 000 0 spa d aDO-SdBNPbspacBNPHU aH519b1 aHenríquez i Carvajal, Federico,d1848-19529779210aBaní, parcela histórica de su vida en la villa i en el valle /cFederico Henríquez i Carvajal. aCiudad Trujillo, República Dominicana :bImprenta J. R. Vda García,c1939. a56 p. ;c24 cm. aBNPD 001050718RVaPDbPDcCTd2011-08-01iLF1l0oH519b p32912-10r2020-06-25w2020-06-25y1zPerteneció a la biblioteca personal de Carlos Larrazabal BlancoZNo se presta c32403d32403